| 000 | 00476nam a2200181Ia 4500 | ||
|---|---|---|---|
| 001 | 10486 | ||
| 005 | 20260306161835.0 | ||
| 008 | 260306t2009||||xx |||||||||||||| ||spa|| | ||
| 041 | _aESP | ||
| 082 |
_a937.06 _bB33 |
||
| 100 |
_aBeard, Mary _eAUT |
||
| 245 | 0 |
_aEl triunfo romano: _buna historia de Roma a través de la celebración de sus victorias |
|
| 260 | _c2009 | ||
| 300 |
_a583 páginas : _c24 cm. |
||
| 650 | _aGEN | ||
| 654 | _aCHU | ||
| 942 |
_cLIB _dJUS _fJUS _2ddc _n |
||
| 999 |
_c10486 _d10486 |
||